The Might and Mystical Rivers of India/ (Record no. 193799)

MARC details
000 -LEADER
fixed length control field 00521nam a22001817a 4500
005 - DATE AND TIME OF LATEST TRANSACTION
control field 20221117103856.0
010 ## - LCCN (DPL NO)
LC control number ENG-135712
020 ## - INTERNATIONAL STANDARD BOOK NUMBER
International Standard Book Number 9788192557199
Terms of availability 750.00
035 ## - SYSTEM CONTROL NUMBER
System control number EN-119244
037 ## - SOURCE OF ACQUISITION
Source of stock number/acquisition DBAD/PUB
082 ## - DEWEY DECIMAL CLASSIFICATION NUMBER
Classification number 398.26
100 ## - MAIN ENTRY--PERSONAL NAME
Personal name Grover, D.C.
245 ## - TITLE STATEMENT
Title The Might and Mystical Rivers of India/
Statement of responsibility, etc by D.C. Grover
260 ## - PUBLICATION, DISTRIBUTION, ETC. (IMPRINT)
Place of publication, distribution, etc Allahabad
Name of publisher, distributor, etc Anurag Publication
Date of publication, distribution, etc 2016
270 ## - ADDRESS
Address 116/70 Lukerganj
City Allahabad
Postal code 211001
300 ## - PHYSICAL DESCRIPTION
Extent 248p.
Dimensions 23cm(hbk)
942 ## - ADDED ENTRY ELEMENTS (KOHA)
Source of classification or shelving scheme Dewey Decimal Classification
Item type English Books
Call number suffix GRO
Classification part 398.26
Holdings
Withdrawn status Lost status Not for loan Collection code Home library Current library Date acquired Source of acquisition Cost, normal purchase price Full call number Barcode Copy number Cost, replacement price Koha item type
      Non-fiction Kadipur Kadipur 17/11/2022 DBAD/PUB 750.00 398.26 GRO EN-119244 1 750.00 English Books

© Delhi Public Library
Hit Counter
free hit counter